Funny money
Saved in:
| Main Author: | |
|---|---|
| Format: | Book |
| Language: | English |
| Published: |
New York
Knopf
1985
|
| Edition: | 1. ed. |
| Subjects: | |
| Tags: |
No Tags, Be the first to tag this record!
|
MARC
| LEADER | 00000nam a2200000 4500 | ||
|---|---|---|---|
| 001 | c001048 | ||
| 005 | 20221220081511.2 | ||
| 020 | |a 0-394-53236-8 | ||
| 041 | 0 | |a eng | |
| 044 | |a US | ||
| 245 | 1 | 0 | |a Funny money |c Mark Singer |
| 250 | |a 1. ed. | ||
| 264 | 1 | |a New York |b Knopf |c 1985 | |
| 300 | |a 221 s. | ||
| 610 | 2 | 0 | |a peniaze |
| 610 | 2 | 0 | |a banky |
| 610 | 2 | 0 | |a bankovníctvo |
| 610 | 2 | 0 | |a Penn Square Bank |
| 610 | 2 | 0 | |a Oklahoma City |
| 610 | 2 | 0 | |a USA |
| 610 | 2 | 0 | |a 1982 |
| 100 | 1 | |a Singer, Mark | |